000 00445pab a2200169 454500
008 180718b1997 xxu||||| |||| 00| 0 eng d
100 _aKhan, M. Altaf
245 _aManagement education in India: emerging issues
260 _c1997
300 _ap.13-14
362 _a14 Apr
650 _aManagement - Study and teaching - India
650 _aManagement education
700 _aYadav, Kamal
773 _aUniversity News
909 _a33910
999 _c33910
_d33910